[Event "RUS-ch"]
[Site "Krasnodar"]
[Date "2002.08.27"]
[Round "1"]
[White "Ovetchkin, Roman"]
[Black "Beshukov, Sergei"]
[Result "1-0"]
[WhiteElo "2557"]
[BlackElo "2475"]
[Annotator "Milov,V"]
[PlyCount "79"]
[EventDate "2002.08.27"]
[EventType "swiss"]
[EventRounds "9"]
[EventCountry "RUS"]
[SourceTitle "CBM 091"]
[Source "ChessBase"]
[SourceDate "2002.11.12"]
[SourceVersion "1"]
[SourceVersionDate "2002.11.12"]
[SourceQuality "1"]

1. e4 c5 2. Nf3 e6 3. b3 $5 {An artful way to play the opening. White is
trying to avoid the main lines.} b6 (3... a6 4. Bb2 Nc6 5. c4 f6 6. Be2 (6. d4
cxd4 7. Nxd4 Bb4+ 8. Nd2 Nge7) 6... Nh6 7. O-O e5 8. Nh4 Bd6 9. Bh5+ g6 (9...
Nf7 10. Nc3 $14) 10. Bxg6+ hxg6 11. Nxg6 Rg8 12. Qh5 Nf7 13. f4 exf4 14. Nc3
Be5 15. Rxf4 Bxf4 (15... Rxg6 16. Qxg6 Bxf4 17. Nd5 Bh6 18. Bxf6 $18) 16. Nd5
Nce5 (16... Be5 17. Bxe5 Ncxe5 18. Nxe5 fxe5 19. Rf1 Rf8 20. Rxf7 Rxf7 21.
Qxe5+ Qe7 22. Nxe7 Rxe7 23. Qh8+ Kf7 24. e5 $13) 17. Ndxf4 d6 18. Rf1 Rg7 19.
Bxe5 fxe5 20. Nd5 Kd7 21. Qf5+ Ke8 (21... Kc6 22. Nge7+ $18) 22. Nf6+ {1-0
Akopian,V-Khenkin,I Tilburg Tilburg, 1994}) (3... Nc6 4. Bb2 d6 (4... Nf6 5. e5
Nd5 6. Bb5 Qc7 7. O-O Be7 8. d4 cxd4 9. Bxc6 bxc6 10. Qxd4 c5 11. Qg4 O-O 12.
Nc3 Nxc3 13. Bxc3 Bb7 14. Nd2 f6 15. Rfe1 Rf7 16. Nc4 Raf8 17. Rad1 Bd5 18.
exf6 Bxf6 $11 {1/2-1/2 Karasev,V-Kornev,A St.Peterburg op2 St.Peterburg, 1994})
5. d4 cxd4 6. Nxd4 Nf6 7. Bd3 d5 8. Nxc6 bxc6 9. Nd2 Qc7 10. Qe2 Be7 11. O-O
O-O 12. c4 Rd8 13. Rac1 Qa5 14. Bc3 Qb6 15. cxd5 cxd5 16. e5 Nd7 17. Nf3 a5 18.
Bd4 Qb4 19. Rc7 a4 20. bxa4 Qxa4 21. Bb5 Qa5 22. Rfc1 Ba3 23. R1c3 Rb8 24. Bd3
Be7 25. Ra7 Qb4 26. Rb3 {1-0 Kramnik,V-Polgar,J New York PCA rapid New York,
1994}) (3... d6 4. Bb2 (4. Bb5+ Bd7 5. Bxd7+ Nxd7 6. O-O Ngf6 7. Qe2 Be7 8. c4
Ne5 9. Bb2 Nfd7 10. d4 Nxf3+ 11. Qxf3 Bf6 12. Rd1 Qc7 13. Nc3 $14 {1-0
Yandemirov,V-Kalegin,E Djakovo op Djakovo, 1994}) 4... Nf6 5. Bb5+ Bd7 6. Bxd7+
Qxd7 7. Qe2 Nc6 8. O-O Be7 9. d4 cxd4 10. Nxd4 O-O 11. Rd1 Nxd4 12. Bxd4 Qc6
13. f3 b5 14. a4 a6 15. Nd2 Rac8 16. c4 b4 17. Nf1 Nd7 18. Ng3 Bf6 19. Bxf6
Nxf6 20. Rd4 Qc5 21. Qf2 Rfd8 22. Rad1 $14 {1-0 Kasparov,G-Herrera,L Cordoba
simul Cordoba, 1992}) (3... Nf6 4. e5 Nd5 5. Bb2 d6 (5... Be7 6. g3 O-O 7. Bg2
f5 8. O-O Nc6 9. c4 Nc7 10. Re1 b6 11. d4 cxd4 12. Nxd4 Bb7 13. Nc3 Rc8 14.
Ndb5 Nxb5 15. Nxb5 a6 16. Nd6 Bxd6 17. Qxd6 Qc7 18. Rad1 Rf7 19. f4 $16 {
1-0 Kasparov,G-Williams,A BT Wireplay Challenge, London, 1988}) (5... Nc6 6.
Bb5 (6. Nc3 Nxc3 7. Bxc3 Be7 8. Bb5 Qb6 9. Qe2 O-O 10. Bd3 Nb4 11. Bxb4 Qxb4
12. h4 f5 13. exf6 Rxf6 14. Ng5 Rh6 15. c3 Qa5 16. Bxh7+ Rxh7 17. Nxh7 Kxh7 18.
Qh5+ Kg8 19. Qe8+ Bf8 20. Rh3 {1-0 Yandemirov,V-Maksimenko,A Minck-B, Minsk,
1993}) 6... Qb6 7. Bxc6 Qxc6 8. O-O b5 9. d3 Bb7 10. Nbd2 Be7 11. Ne4 O-O 12.
c4 Nf4 13. Re1 $14 {1-0 Minasian,A-Ivanov,J V Ubeda open, Ubeda ESP, 2000}) 6.
exd6 Nf6 7. Na3 Bxd6 8. Nb5 Be7 9. Be5 Na6 10. d4 O-O 11. a3 Bd7 12. dxc5 Nxc5
$11 {0-1 Kochetkov,G-Iordanescu,V Nikolaev zt Nikolaev, 1995}) (3... d5 4. exd5
Qxd5 (4... exd5 5. Bb5+ Bd7 6. Bxd7+ Qxd7 7. O-O Nc6 8. Re1+ Be7 9. d4 cxd4 10.
Nxd4 O-O-O 11. Nxc6 Qxc6 12. Bb2 Bf6 13. Bd4 Kb8 14. Nc3 Bxd4 15. Qxd4 Nf6 16.
a4 a6 17. Re7 Rhe8 $13 {1/2-1/2 Vokarev,S-Arkhipov,S Russian Club Cup Maikop,
1998}) 5. Bb2 Nf6 6. Nc3 Qd8 7. Bb5+ Bd7 8. Qe2 Be7 9. Ne5 O-O 10. Nxd7 Nbxd7
11. O-O a6 12. Bd3 Qc7 13. Rfe1 Rac8 14. Ne4 Rfd8 $11 {1/2-1/2 Yudasin,
L-Simutowe,A, Smartchess.com Int New York, 2001}) 4. d4 (4. c4 Bb7 5. Nc3 a6 6.
Bb2 Qc7 7. d4 cxd4 8. Qxd4 Nf6 9. e5 Bc5 10. Qf4 Bxf3 11. gxf3 Nc6 $11 {
0-1 Dreev,A-Illescas Cordoba,M Oviedo rapid Oviedo, 1991}) 4... cxd4 5. Nxd4 a6
(5... Bb7 6. Nb5 Bxe4 7. N1c3 Nf6 8. Bf4 Bb4 9. Bd6 Bxc3+ 10. Nxc3 Bc6 11. Qd4
Qc8 12. O-O-O Na6 13. Rd3 Qb7 14. Rg3 O-O-O 15. Be7 Rde8 16. Rxg7 Ng8 17. Bd6
$16 {1-0 Kindermann,S-Mastrovasilis,A ECC, Halkidiki GRE, 2002}) 6. Bd3 Bb7 7.
O-O Qc7 8. Qe2 (8. c4 $5 Nf6 9. Re1 Bd6 10. Nf3 Nc6 11. Nc3 Ne5 12. h3 b5 13.
Bb2 bxc4 14. Bxc4 O-O 15. Nxe5 Bxe5 16. Rc1 Bc6 17. Qe2 h5 18. Bxa6 Qa7 19. Bd3
$16 {1-0 Kasparov,G-Banikas,H Blitz match, Patras GRE, 2001}) 8... d6 (8... Ne7
$5 {looks more flexible. The knight is not only narrowing the important
f4-square but there is also an opportunity for the bishop f8 to be developed
to the more active position.}) 9. c4 Nf6 10. Bb2 Be7 11. Nc3 Nbd7 {As a result
we get a typical "hedgehog"-structure. The position of the white pieces
suggests an active play on the kingside after an appropriate preparation.} 12.
f4 g6 $6 {It was not necessary to weaken the diagonal a1-h8.} (12... O-O 13.
Rad1 Rfe8 $14) 13. Rad1 O-O 14. f5 $1 gxf5 $6 (14... Nc5 $142 15. Bc2 e5 16.
Nf3 gxf5 17. exf5 b5 $1 18. b4 Ncd7 19. cxb5 axb5 20. a3 Bc6 $14) 15. Nd5 $1 {
A typical and very strong sacrifice.} Qd8 $8 {Black can`t accept the sacrifice:
} (15... exd5 16. Nxf5 Ne5 17. exd5 Kh8 (17... Rfe8 18. Qe3 Nfg4 19. Qg3 Bf6
20. Nh6+ $1 Kh8 21. Nxg4 $18) (17... Bc8 18. Nxe7+ Qxe7 19. Bxe5 dxe5 20. d6
Qd8 (20... Qe6 21. Bf5 Qe8 22. Bxc8 Rxc8 23. Rxf6 $18) 21. Qxe5 Ng4 22. Qe4 Qh4
23. h3 $18) 18. Nxd6 $1 Bxd6 19. Rxf6 Rfe8 20. Qh5 $18) 16. Nxe7+ Qxe7 17. exf5
e5 18. Nc2 $14 {White stands clearly better. The knight is headind to e3 where
it will be very well placed.} Kh8 19. Ne3 Rg8 20. Bb1 $5 {White opens the
d-file for the rook and is ready to increase the pressure against the pawn d6.}
Qf8 21. b4 {Taking the square c5 from the black knight and preparing an
eventual break c4-c5 after which the bishop b2 will become very strong.} (21.
Rd2 Qh6 $5 {with the idea} 22. Rfd1 Qh3 $1 $132) 21... Rc8 22. Rf2 Rd8 23. a3
Qe7 24. Qd2 Nb8 (24... Nf8 25. a4 b5 26. axb5 axb5 27. cxb5 $16 d5 $6 28. Nc4
N8d7 (28... Ng4 29. Re2 f6 30. h3 $18) 29. Na5 Ba8 30. Nc6 $18) 25. Bd3 Rge8 $6
(25... Bc6 $5 {with the idea b6-b5}) 26. Qc2 Rc8 (26... d5 27. cxd5 Nxd5 28.
Nxd5 Rxd5 29. Re1 f6 30. Be4 Rdd8 31. Bxb7 Qxb7 32. Rd2 Rxd2 33. Qxd2 Qd7 34.
Qxd7 Nxd7 35. Rd1 $16) 27. Qb3 Nbd7 28. Rfd2 Rcd8 (28... Rg8 $5) 29. Re1 (29.
Bc2 Nb8) 29... Qf8 30. Qd1 $1 {A good manoeuvre!} Nb8 31. Bf1 Ne4 32. Rd3 Nf6 {
Otherwise White would occupy the square d5} 33. Qa1 $1 {c4-c5 is threatening...
} Qh6 $2 (33... Nbd7 34. Red1 Qh6 {would allow Black to hold}) 34. c5 $1 $18 {
the decisive break} Ne4 35. cxd6 f6 36. Nc4 b5 37. Nxe5 $1 fxe5 38. Rxe4 $1
Bxe4 39. Bxe5+ Kg8 40. Rg3+ 1-0

[Event "EU-Cup 18th"]
[Site "Kallithea"]
[Date "2002.09.28"]
[Round "7.4"]
[White "Areshchenko, Alexander"]
[Black "Ivanisevic, Ivan"]
[Result "0-1"]
[WhiteElo "2533"]
[BlackElo "2550"]
[Annotator "Milov,V"]
[PlyCount "54"]
[EventDate "2002.09.22"]
[EventType "team-swiss"]
[EventRounds "7"]
[EventCountry "GRE"]
[SourceTitle "CBM 092"]
[Source "ChessBase"]
[SourceDate "2003.02.06"]
[SourceVersion "1"]
[SourceVersionDate "2003.02.06"]
[SourceQuality "1"]
[WhiteTeam "Momot Alexander"]
[BlackTeam "Skopje Kisela Voda"]
[WhiteTeamCountry "UKR"]
[BlackTeamCountry "MKD"]

1. e4 c5 2. Nf3 e6 3. d4 cxd4 4. Nxd4 Bc5 {Black doesn`t play 4... a6 trying
to save a tempo compared to the other Paulsen variations.} 5. Nb3 {The most
common reply.} (5. Nc3 Qb6 6. Na4 Qa5+ 7. c3 Bxd4 8. Qxd4 Nf6 9. Nc5 Nc6 10.
Qe3 d5 $11) 5... Bb6 {Putting the bishop on the active position. This weakens
however the square d6.} (5... Be7) 6. Nc3 Ne7 7. Qe2 $6 $146 (7. Qh5 $5) (7.
Bc4 O-O 8. Bf4 $14 {with the idea Bd6}) 7... O-O 8. Be3 Nbc6 9. O-O-O f5 (9...
d5 $5 10. Bxb6 (10. g3 d4 11. f4 e5 $1 12. fxe5 Be6 13. Na4 Bxb3 14. axb3 Qc7
15. Bf4 Nxe5 $15) (10. f4 Bxe3+ 11. Qxe3 Qb6 $11) (10. exd5 exd5 $11) 10...
axb6 $11) 10. Bxb6 (10. e5 $2 Bxe3+ 11. Qxe3 f4 12. Qe4 Ng6 {x e5}) 10... Qxb6
11. exf5 Rxf5 12. Rd2 (12. f3 $142 $5 d5 (12... a5 13. a4 Qb4 14. Qf2 $14) 13.
Qd2 $5 $14) 12... d5 $11 13. g3 Re5 $6 (13... d4 $142 14. Ne4 e5 15. Qc4+ Kh8
16. Bg2 Nb4 17. Nbc5 Nbd5 18. Re1 Qc7 19. Qa4 (19. Ng5 Nb6 20. Nf7+ Kg8 21.
Nh6+ Kh8 22. Nf7+ $11) 19... Rf8 $13) 14. Qd1 a5 {It was probably better to
finish development.} (14... Bd7 $142) 15. f4 $5 Re3 16. a4 $1 {A typical move.
White not only interferes a development of Black`s initiative on the queensie,
but also takes control over the square b5.} Bd7 17. Bb5 Be8 18. Re1 $6 (18. Qg1
$1 {Pinning the rook. It`s not easy for Black to find good moves in order not
to lose material. For example:} d4 (18... Nc8 $2 19. Nd1 Rxb3 20. Qxb6 Nxb6 21.
cxb3 $18) 19. Ne2 Nd5 (19... Rxb3 20. cxb3 Rd8 21. Bc4 Bf7 22. g4 $5 e5 23.
Bxf7+ Kxf7 24. fxe5 Qxb3 25. Qf2+ Kg8 26. Nxd4 Qxa4 27. Nc2 Rc8 28. Qb6 $16) (
19... Nf5 20. g4 Rxb3 21. gxf5 Rb4 22. fxe6 $18) 20. Nexd4 Rc8 (20... Ncb4 21.
Bxe8 Rxe8 22. Qf2 e5 23. fxe5 $16) 21. Qf2 Nxd4 22. Nxd4 Bxb5 23. Nxb5 $16)
18... Nf5 19. Rxe3 Nxe3 (19... Qxe3 20. Kb1 $14) 20. Qg1 {Now this move is not
so effective.} Bg6 (20... Nc4 $2 21. Qxb6 Nxb6 22. Nc5 $18) 21. Nd1 $6 (21. Re2
$142 $5 d4 22. Bxc6 bxc6 (22... dxc3 23. Qxe3 cxb2+ 24. Kxb2 Qxc6 25. Qxe6+
Qxe6 26. Rxe6 $16) 23. Nxd4 Nxc2 24. Rxc2 Bxc2 25. Kxc2 Rb8 26. b3 $16) 21...
d4 $5 (21... Nc4 22. Qxb6 Nxb6 23. Nc5 Nd8 24. Ne3 Rc8 $14) 22. Bxc6 $6 (22.
Nxe3 $142 $5 {Exchanging the active knight.} dxe3 23. Re2 Nb4 24. Qxe3 Qxe3+
25. Rxe3 Bxc2 26. Nd4 Bg6 $14) (22. Nxd4 Nxc2 23. Bxc6 Nxd4 24. Rxd4 Rc8 25.
Nc3 Rxc6 26. Qd1 $11) 22... Nxc2 $1 {Destroying the pawn shalter of the white
king. Besides, the knight on d1 will remain passive.} 23. Bb5 $2 {Probably
missing Black`s reply.} (23. Nxd4 Nxd4 24. Rxd4 (24. Qxd4 Qxc6+ 25. Nc3 Qh1+
26. Rd1 $8 Qxh2 $19) 24... Qxc6+ 25. Nc3 Rc8 $15) 23... Qc7 24. Kb1 (24. Nc3
dxc3 25. Rd7 Qc8 26. Qb6 Nb4 27. Qxe6+ Kh8 28. Nd4 Qc5 $19) 24... Na3+ 25. Ka2
Nxb5 26. Nxd4 $2 (26. axb5 $2 a4 27. Nxd4 (27. Qxd4 e5 $3 28. Qc3 Qf7 $1 29.
Ka3 axb3+ 30. Kb4 Qf8+ 31. Kxb3 Bf7+ 32. Kc2 Rc8 $19) 27... Qc4+ $19) (26. Qf1
$8 d3 $1 27. f5 exf5 28. Qxd3 Na7 $17) 26... Qc4+ $1 27. b3 Qc1 0-1

[Event "Poikovsky Karpov 03rd"]
[Site "Poikovsky"]
[Date "2002.04.16"]
[Round "1"]
[White "Zvjaginsev, Vadim"]
[Black "Rublevsky, Sergei"]
[Result "1/2-1/2"]
[WhiteElo "2645"]
[BlackElo "2655"]
[Annotator "Milov,V"]
[PlyCount "45"]
[EventDate "2002.04.16"]
[EventType "tourn"]
[EventRounds "9"]
[EventCountry "RUS"]
[EventCategory "16"]
[SourceTitle "CBM 089"]
[Source "ChessBase"]
[SourceDate "2002.08.12"]
[SourceVersion "1"]
[SourceVersionDate "2002.08.12"]
[SourceQuality "1"]

1. e4 c5 2. Nf3 e6 3. c4 Nc6 4. Nc3 Nge7 ({The other possible move is} 4... Nf6
5. Be2 b6 6. d4 cxd4 7. Nxd4 Bb7 8. Bf4 Nxd4 9. Qxd4 Bc5 10. Qd3 d6 11. O-O O-O
12. Rad1 Qe7 13. Bxd6 Bxd6 14. Qxd6 Qxd6 15. Rxd6 Nxe4 16. Nxe4 Bxe4 17. f3 Bb7
18. b4 Rfc8 19. Rfd1 Kf8 20. Kf2 Bc6 21. f4 Ke7 22. Rxc6 $11 {
Zvjaginsev-Leitao Poikovskii 2001}) 5. d4 Nxd4 6. Nxd4 cxd4 7. Qxd4 Nc6 8. Qe3
{Played with the idea not to allow the black bishop to an active position on
c5.} (8. Qd2 Bc5 9. b3 d6 10. Bb2 O-O 11. Bd3 $14) 8... b6 9. Qg3 {Again
interferring the development of the f8-bishop.} Nb4 $146 {[%mdl 8] An
interesting opportunity to take advantage of the absence of the white queen.
10...Nc2 + is threatening.} (9... Qf6 10. Bd3 Bc5 11. O-O Qg6 12. Qh3 h5 13.
Rd1 Bb7 14. Bf4 Qf6 15. Be3 d6 16. Rac1 Rd8 17. a3 g5 18. b4 g4 19. Qg3 Bd4 20.
Bxd4 Nxd4 21. Bf1 e5 22. Qd3 Qh6 23. Ne2 Nxe2+ 24. Qxe2 $11 {
Rublevsky-Morozevich Moscow chJ 1993}) 10. Nb5 {Certainly, the passive move 10.
Bd3 doesn`t suit White.} d6 (10... Nc2+ $5 11. Kd1 Nxa1 12. Nc7+ Ke7 13. Nd5+
Ke8 14. Nc7+ $11 {and I don`t see more for White than a draw.}) 11. Qb3 Nc6 12.
Be3 Be7 13. Be2 O-O 14. O-O Rb8 (14... a6 15. Nc3 Rb8) 15. Rac1 $14 a6 16. Nc3
Ne5 {The position is almost equal. White has more space but Black`s position
is very solid. With the last move Black is transferring the knight to d7, the
place where it belongs in such positions.} 17. Rfd1 Qc7 18. Rd2 Rd8 19. Rcd1
Nd7 20. Bf4 (20. a3 Bb7 21. Qc2 Rbc8 $11) 20... Ne5 21. Be3 Nd7 22. Bf4 Ne5 23.
Be3 1/2-1/2

[Event "RUS-chT 11th"]
[Site "Sochi"]
[Date "2004.04.22"]
[Round "3.3"]
[White "Brodsky, Michail"]
[Black "Jakovenko, Dmitrij"]
[Result "1/2-1/2"]
[WhiteElo "2528"]
[BlackElo "2582"]
[Annotator "Mueller,Karsten"]
[PlyCount "116"]
[EventDate "2004.04.20"]
[EventType "team-tourn"]
[EventRounds "9"]
[EventCountry "RUS"]
[SourceTitle "EXT 2020"]
[Source "ChessBase"]
[SourceDate "2019.10.17"]
[SourceVersion "1"]
[SourceVersionDate "2019.10.17"]
[SourceQuality "1"]
[WhiteTeam "Vladivostok Debiut-DVGU"]
[BlackTeam "Tomsk 400"]
[WhiteTeamCountry "RUS"]
[BlackTeamCountry "RUS"]

1. e4 c5 2. Nf3 e6 3. c4 Nc6 4. Nc3 e5 5. d3 d6 6. Be2 f5 7. exf5 Bxf5 8. Ng5
Nf6 9. Nge4 Be7 10. Nxf6+ Bxf6 11. Bg4 Qd7 12. h3 O-O-O 13. Bxf5 Qxf5 14. Qg4
g6 15. Be3 h5 16. Qe4 Rhg8 17. a3 Bg5 18. g4 Qxe4 19. Nxe4 Bf4 20. Ke2 Rh8 21.
gxh5 Rxh5 22. Rag1 Ne7 23. Rg4 Rf5 24. Rhg1 Bxe3 25. fxe3 Kc7 26. Rh4 Rdf8 27.
Rh7 R8f7 28. Rxf7 Rxf7 29. Ng5 Rf6 30. Rg4 Nf5 31. Ne4 Re6 32. Nc3 Kd7 33. Nd5
Ne7 34. Rh4 Nxd5 35. cxd5 Re7 36. Rh6 e4 37. Rxg6 exd3+ 38. Kxd3 Rh7 39. Ke4
Ke7 $6 ({Why not Warum nicht} 39... Rxh3 {?}) 40. Kf5 Rxh3 41. Rg7+ Kf8 42.
Rxb7 Rxe3 43. Rd7 Ke8 44. Rxd6 Rb3 45. Ra6 Kd7 46. Rxa7+ Kd6 47. Ke4 Rxb2 48.
Ra6+ Kd7 49. Kd3 Rb1 50. Kc4 Rc1+ 51. Kb5 Rb1+ 52. Kxc5 Rc1+ $1 {[%mdl 256]
and White cannot break through, since he can no longer free his rook.  und
Weiß kann nicht durchbrechen, weil sein Turm nicht mehr freikommt:} 53. Kb6
Rb1+ 54. Ka7 Rb5 55. d6 (55. a4 Rb4 56. a5 Rb5 $11) 55... Rb3 56. a4 Rb4 $1 57.
a5 Rb5 (57... Rb1 $2 58. Rb6 Ra1 59. a6 Kc8 60. d7+ Kxd7 61. Kb7 Rc1 62. a7
Rc7+ 63. Ka6 Rc8 64. Rb8 $18) 58. Ka8 Ke6 1/2-1/2

[Event "United Insurance 6th"]
[Site "Dhaka"]
[Date "2003.03.12"]
[Round "5"]
[White "Ahmed, Sk Nasir"]
[Black "Rahman, Ziaur"]
[Result "1/2-1/2"]
[WhiteElo "2309"]
[BlackElo "2542"]
[Annotator "Mueller,Karsten"]
[PlyCount "193"]
[EventDate "2003.03.08"]
[EventType "tourn"]
[EventRounds "13"]
[EventCountry "BAN"]
[EventCategory "9"]
[SourceTitle "CBM 095"]
[Source "ChessBase"]
[SourceDate "2003.07.25"]
[SourceVersion "1"]
[SourceVersionDate "2003.07.25"]
[SourceQuality "1"]

1. e4 c5 2. Nc3 Nc6 3. g3 e6 4. Bg2 Nf6 5. Nf3 d5 6. exd5 exd5 7. d4 Bg4 8.
dxc5 Bxc5 9. O-O O-O 10. Bg5 d4 11. Ne4 Be7 12. Bxf6 Bxf6 13. Qd2 Bf5 14. Rfe1
Bxe4 15. Rxe4 Qb6 16. b3 a5 17. a3 Rac8 18. Rf4 Qc5 19. Bh3 Rcd8 20. Rd1 Rfe8
21. a4 Nb4 22. Rf5 Qc6 23. Bf1 Qc7 24. Bc4 b6 25. h4 Re7 26. Rf4 Red7 27. Ng5
Nd5 28. Rf3 Ne3 29. Bxf7+ Kh8 30. Rc1 Bxg5 31. hxg5 Ng4 32. Qf4 Ne5 33. g6
Nxf3+ 34. Qxf3 d3 35. Bc4 d2 36. Rd1 Qe5 37. Kg2 Rd6 38. gxh7 Rf6 39. Qe2 Qd6
40. Bd3 Qd5+ 41. Qe4 Qh5 42. Qe2 Qxe2 43. Bxe2 Rfd6 44. Bd3 g6 45. Rxd2 Kxh7
46. Re2 Kg7 47. Re7+ Kf6 48. Re3 Rc8 49. Kf3 Rc5 50. Re8 Rcd5 51. Re3 g5 52.
Kg4 Rd4+ 53. Kf3 Rd8 54. Bc4 R8d6 55. Bd3 R6d5 56. Re8 Re5 57. Rg8 Kf7 58. Rh8
Ke7 59. Rg8 Kd7 60. Rg6 Kc7 61. g4 Rd6 62. Rg7+ Rd7 63. Rg6 Rd6 64. Rg7+ Kc6
65. Bf5 Rd2 66. Bd3 Kc5 67. Rf7 Rd5 68. Re7 Kb4 69. Re6 Kc5 70. Ke3 Rd1 71. Ke2
Rg1 72. f3 Rh1 73. Be4 Rd6 74. Re5+ Kd4 75. Re8 Rh2+ 76. Kf1 Kc3 77. Bd3 Rd2
78. Re2 R2xd3 79. cxd3 Kxb3 80. Re4 b5 81. axb5 a4 82. Kf2 a3 83. Re8 a2 84.
Ra8 Rxd3 85. b6 Rd8 $4 {[%mdl 8192] a horrible blunder ein schrecklicher Fehler
} (85... Rd7 86. f4 gxf4 87. Kf3 Rb7 88. Kxf4 Rxb6 89. Kf5 $11) 86. b7 Rb8 87.
f4 $2 {White misses his chance Weiß revanciert sich} (87. Rxb8 {wins easily:
gewinnt leicht:} a1=Q 88. Ra8 Qb2+ (88... Qd4+ 89. Kg2 Qd2+ 90. Kh3 $18) 89.
Kg3 Qe5+ 90. Kh3 $18) 87... gxf4 88. Kf3 Rxb7 89. g5 (89. Kxf4 $2 Rb4+ 90. Kf5
Ra4 $19) (89. Rxa2 Kxa2 90. Kxf4 $11) 89... Rb5 90. g6 Rg5 91. Rb8+ Ka3 92.
Ra8+ Kb2 93. Rb8+ Ka1 94. Rb6 Rf5 95. g7 Rg5 96. Rb7 Rxg7 97. Rxg7 1/2-1/2